[Event "Boris Kostic CC-ch +"]
[Site "Vrsac"]
[Date "2018.03.02"]
[Round "2"]
[White "Popov, Zoran"]
[Black "Mitrovanov, Djordje"]
[Result "1/2-1/2"]
[WhiteElo "2093"]
[BlackElo "2151"]
[PlyCount "76"]
[EventDate "2018.03.01"]
[EventType "tourn"]
[EventRounds "18"]
[EventCountry "SRB"]
[SourceTitle "EXT 2019"]
[Source "ChessBase"]
[SourceDate "2018.10.10"]
[SourceVersion "1"]
[SourceVersionDate "2018.10.10"]
[SourceQuality "1"]

1. d4 d5 2. c4 c6 3. Nc3 Nf6 4. Bg5 e6 5. Nf3 Be7 6. e3 Nbd7 7. Bd3 0-0 8. 0-0 h6 9. Bh4 Re8 10. h3 dxc4 11. Bxc4 b5 12. Bd3 b4 13. Ne4 Nxe4 14. Bxe7 Nxf2 15. Rxf2 Qxe7 16. Be4 Bb7 17. Rc1 Rac8 18. Rfc2 e5 19. Bxc6 Bxc6 20. Rxc6 Rxc6 21. Rxc6 exd4 22. exd4 Qe3+ 23. Kh1 Nf6 24. Qc1 Qxc1+ 25. Rxc1 Re2 26. Rc8+ Kh7 27. Rc7 a6 28. Ra7 Rxb2 29. Rxa6 Nd5 30. Ra7 Nc3 31. Rb7 Nxa2 32. d5 Rb1+ 33. Kh2 Rd1 34. Rb5 Nc3 35. Rxb4 Nxd5 36. Rb7 f6 37. Nh4 Rc1 38. Rd7 Ne3 1/2-1/2

[Event "Vojvodina-chT 2nd League"]
[Site "Sombor"]
[Date "2010.10.13"]
[Round "4"]
[White "Ivanovic, Miroslav"]
[Black "Popov, Zoran"]
[Result "1-0"]
[WhiteElo "2150"]
[BlackElo "2079"]
[PlyCount "71"]
[EventDate "2010.10.10"]
[EventType "team-tourn"]
[EventRounds "9"]
[EventCountry "YUG"]
[SourceTitle "CBM 138 Extra"]
[Source "ChessBase"]
[SourceDate "2010.10.29"]
[SourceVersion "1"]
[SourceVersionDate "2010.10.29"]
[SourceQuality "1"]

1. c4 e5 2. Nc3 Nf6 3. Nf3 Nc6 4. g3 h6 5. Bg2 d6 6. d3 Be7 7. 0-0 0-0 8. Rb1 d5 9. cxd5 Nxd5 10. Nxe5 Nxc3 11. Nxc6 Nxe2+ 12. Qxe2 bxc6 13. Bxc6 Rb8 14. Be3 Bb7 15. Rfc1 Bxc6 16. Rxc6 a5 17. Rbc1 Bd6 18. R1c4 Rb4 19. Qg4 Rxb2 20. Bd4 Rb1+ 21. Kg2 Qg5 22. Bc3 Rb5 23. h4 Qxg4 24. Rxg4 f6 25. Ra6 h5 26. Rc4 Rd8 27. Bxa5 Be5 28. Bxc7 Rxd3 29. Bxe5 Rxe5 30. Rc2 Rdd5 31. a3 Rd3 32. Ra7 Rf5 33. Rc8+ Kh7 34. Rcc7 Rd2 35. Rxg7+ Kh8 36. Rge7 1-0

[Event "Vojvodina-chT 2nd League"]
[Site "Sombor"]
[Date "2010.10.11"]
[Round "2"]
[White "Jovic, Stevan"]
[Black "Popov, Zoran"]
[Result "1/2-1/2"]
[WhiteElo "2307"]
[BlackElo "2079"]
[PlyCount "90"]
[EventDate "2010.10.10"]
[EventType "team-tourn"]
[EventRounds "9"]
[EventCountry "YUG"]
[SourceTitle "CBM 138 Extra"]
[Source "ChessBase"]
[SourceDate "2010.10.29"]
[SourceVersion "1"]
[SourceVersionDate "2010.10.29"]
[SourceQuality "1"]

1. d4 Nf6 2. c4 c5 3. d5 b5 4. cxb5 a6 5. b6 d6 6. Nc3 Nbd7 7. a4 Qxb6 8. a5 Qc7 9. e4 g6 10. f4 Bg7 11. Bc4 0-0 12. Nf3 Re8 13. 0-0 Nf8 14. e5 Ng4 15. h3 Nh6 16. Re1 Bd7 17. Qd3 Reb8 18. b3 Qb7 19. Bd2 Bb5 20. Ra2 Bxc4 21. bxc4 Qc7 22. Na4 Nd7 23. Bc3 Rb3 24. Qc2 Rab8 25. Nb6 Nxb6 26. exd6 exd6 27. Bxg7 Kxg7 28. Qxb3 Nxd5 29. Qc2 Nxf4 30. Qc3+ Kg8 31. Qe3 d5 32. cxd5 Nf5 33. Qe4 Rb4 34. Qe8+ Kg7 35. Qe5+ Qxe5 36. Rxe5 f6 37. Re8 Nxd5 38. Ra8 Rb1+ 39. Kh2 Nb4 40. Rd2 Kf7 41. g4 Ne7 42. Ra7 Rb3 43. Rf2 Ke8 44. Nd2 Rb2 45. Kg2 Nd3 1/2-1/2

[Event "Vojvodina-chT"]
[Site "Sombor"]
[Date "2008.10.02"]
[Round "3"]
[White "Jovic, Stevan"]
[Black "Popov, Zoran"]
[Result "0-1"]
[WhiteElo "2238"]
[BlackElo "2075"]
[PlyCount "64"]
[EventDate "2008.10.01"]
[EventType "team-tourn"]
[EventRounds "11"]
[EventCountry "YUG"]
[SourceTitle "EXT 2010"]
[Source "ChessBase"]
[SourceDate "2010.11.25"]
[SourceVersion "1"]
[SourceVersionDate "2010.11.25"]
[SourceQuality "1"]

1. d4 Nf6 2. c4 c5 3. d5 e5 4. Nc3 d6 5. e4 Be7 6. Be2 a6 7. Nf3 0-0 8. 0-0 Ne8 9. a3 f5 10. b4 b6 11. Nd2 f4 12. Rb1 Nf6 13. bxc5 bxc5 14. Na4 Nbd7 15. Qc2 g5 16. g4 Qe8 17. h3 Bd8 18. Nf3 Qg6 19. Kg2 h5 20. Nd2 Rf7 21. Bb2 Rb8 22. Bc3 Rxb1 23. Qxb1 Rh7 24. Rh1 Nf8 25. Qb8 Bxg4 26. hxg4 hxg4 27. Qb1 f3+ 28. Bxf3 gxf3+ 29. Kxf3 g4+ 30. Ke3 Rxh1 31. Qxh1 Qg5+ 32. Kd3 Ng6 0-1